Miss Hogg and the Bronte murders /

Saved in:
Bibliographic Details
Main Author: Lee, Austin, 1904-1965
Format: Book
Language:English
Published: London : J. Cape, 1956.
LEADER 00607nam a22001697a 4500
001 c000105924
003 CARM
005 00000000000000.0
008 990114s1956 enk 00001 eng d
040 |a VLINC  |c VLINC 
100 1 |a Lee, Austin,  |d 1904-1965. 
245 1 0 |a Miss Hogg and the Bronte murders /  |c by Austin Lee. 
260 |a London :  |b J. Cape,  |c 1956. 
300 |a 191 p. 
852 8 |b CARM  |h A2:AI13G0  |i A02141  |p 0152854  |f BK 
999 f f |i 87bd97d7-3b86-5ee4-ad07-f792c869eb40  |s 2e7f4aa0-6af9-583f-804f-15faef11453c 
952 f f |p Can circulate  |a CAVAL  |b CAVAL  |c CAVAL  |d CARM 1 Store  |e A02141  |f A2:AI13G0  |h Other scheme  |i book  |m 0152854